|
|
|
|
| LEADER |
02016nam a2200421 a 4500 |
| 001 |
EBC1143873 |
| 003 |
MiAaPQ |
| 005 |
20200520144314.0 |
| 006 |
m o d | |
| 007 |
cr cn||||||||| |
| 008 |
120823s2013 nyua sb 001 0 eng d |
| 010 |
|
|
|z 2012032229
|
| 020 |
|
|
|z 9780415813822
|
| 020 |
|
|
|a 9780203066775 (electronic bk.)
|
| 035 |
|
|
|a (MiAaPQ)EBC1143873
|
| 035 |
|
|
|a (Au-PeEL)EBL1143873
|
| 035 |
|
|
|a (CaPaEBR)ebr10672788
|
| 035 |
|
|
|a (CaONFJC)MIL459214
|
| 035 |
|
|
|a (OCoLC)830160805
|
| 040 |
|
|
|a MiAaPQ
|c MiAaPQ
|d MiAaPQ
|
| 050 |
|
4 |
|a HB615
|b .E5825 2013
|
| 082 |
0 |
4 |
|a 338/.04
|2 23
|
| 245 |
0 |
0 |
|a Entrepreneurship in the informal economy
|h [electronic resource] :
|b models, approaches and prospects for economic development /
|c edited by Mai Thi Thanh Thai and Ekaterina Turkina.
|
| 260 |
|
|
|a New York :
|b Routledge, Taylor & Francis Group,
|c c2013.
|
| 300 |
|
|
|a xv, 284 p. :
|b ill.
|
| 490 |
1 |
|
|a Routledge studies in entrepreneurship ;
|v 3
|
| 504 |
|
|
|a Includes bibliographical references and index.
|
| 505 |
0 |
|
|a pt. I. Determinants of informal entrepreneurship -- pt. II. Financial aspects of informal entrepreneurship -- pt. III. Organizational forms of informal entrepreneurship -- pt. IV. Institutional environment for informal entrepreneurship -- pt. V. Sociocultural contexts of informal entrepreneurship -- pt. VI. The role of informal entrepreneurship in economic development -- pt. VII. Concluding remarks.
|
| 533 |
|
|
|a Electronic reproduction. Ann Arbor, MI : ProQuest, 2015. Available via World Wide Web. Access may be limited to ProQuest affiliated libraries.
|
| 650 |
|
0 |
|a Entrepreneurship.
|
| 650 |
|
0 |
|a Informal sector (Economics)
|
| 650 |
|
0 |
|a Economic development.
|
| 655 |
|
4 |
|a Electronic books.
|
| 700 |
1 |
|
|a Thai, Mai Thi Thanh.
|
| 700 |
1 |
|
|a Turkina, Ekaterina.
|
| 710 |
2 |
|
|a ProQuest (Firm)
|
| 830 |
|
0 |
|a Routledge studies in entrepreneurship ;
|v 3.
|
| 856 |
4 |
0 |
|u https://ebookcentral.proquest.com/lib/matrademy/detail.action?docID=1143873
|z Click to View
|